Learn by information sharing (Record no. 60861)

MARC details
000 -LEADER
fixed length control field 00906cam a2200241 4500
001 - CONTROL NUMBER
control field ABS61625
008 - FIXED-LENGTH DATA ELEMENTS--GENERAL INFORMATION
fixed length control field 000000n1999 000 0 eng u
035 ## - SYSTEM CONTROL NUMBER
System control number (Sirsi) u101738
100 ## - MAIN ENTRY--PERSONAL NAME
Personal name Hedley, C.
245 ## - TITLE STATEMENT
Title Learn by information sharing
260 ## - PUBLICATION, DISTRIBUTION, ETC.
Date of publication, distribution, etc. 1999
490 ## - SERIES STATEMENT
Series statement Estates Gazette
Volume/sequential designation (9942) 23 Ocrober 1999, 123-127(4)
520 ## - SUMMARY, ETC.
Summary, etc. Presents the results of the Estates Management Staistics Project which sought to develop a format for collecting and presenting information from universities on their properties. The system allows universities to measure and track statistics over time and set targets for repairs.
590 ## - LOCAL NOTE (RLIN)
Local note ABS
650 ## - SUBJECT ADDED ENTRY--TOPICAL TERM
Topical term or geographic name entry element UNIVERSITY ESTATES
650 ## - SUBJECT ADDED ENTRY--TOPICAL TERM
Topical term or geographic name entry element ESTATES MANAGEMENT STATISTICS PROJECT
650 ## - SUBJECT ADDED ENTRY--TOPICAL TERM
Topical term or geographic name entry element PROPERTY COSTS
650 ## - SUBJECT ADDED ENTRY--TOPICAL TERM
Topical term or geographic name entry element PERFORMANCE ANALYSIS
650 ## - SUBJECT ADDED ENTRY--TOPICAL TERM
Topical term or geographic name entry element SPACE
690 ## - LOCAL SUBJECT ADDED ENTRY--TOPICAL TERM (OCLC, RLIN)
Topical term or geographic name as entry element PROPERTY LAW AND PRACTICE
700 ## - ADDED ENTRY--PERSONAL NAME
Personal name Whelan, J.
942 ## - ADDED ENTRY ELEMENTS (KOHA)
Suppress in OPAC 0
Holdings
Withdrawn status Lost status Source of classification or shelving scheme Damaged status Not for loan Home library Current library Shelving location Date acquired Total Checkouts Full call number Barcode Date last seen Copy number Price effective from Koha item type
    Dewey Decimal Classification     London London Journal article 10/11/1999   ABS61625 101738-1001 06/08/2019 1 06/08/2019 Journal article